000 00725nas a2200241 4500
001 BR8503252
003 BR-BrBNA
005 20231205090241.0
007 ta
008 230509b bl.|||p| |||| 00| 00por d
040 _aBR-BrBNA
_bpor
_cBiblioteca Nacional de Agricultura
041 _a(Pt)
072 _aP33; P36
100 1 _aMartucci, F.G.
245 1 _aEscarificador no preparo do solo; preparo influi no consumo de energia e conservacao
650 _aESCARIFICADOR
650 _aUMIDADE DO SOLO
650 _aCONSERVACAO DO SOLO
650 _aARADO
773 0 _tGranja (Brazil)
_xISSN 0367-505X
_g(Jun 1985), (no. 449) p. 44-46
_wBR8503252
909 _a202311
_bLúcia
_c55
_dLúcia Elande
942 _2AGRIS
_n0
_cANA
999 _c117119
_d117119